000 01224nam a22003377a 4500
003 CHAP
005 20220329143245.0
008 071017d2007 mx r 00110 spa d
010 _a94057
011 _a95029
035 _a105632
040 _cCHAP
090 _aTesis
100 1 _aVelásquez Hernández, Julio César.
_9118488
245 1 0 _aPerdurabilidad y autogestión de los procesos de desarrollo endógeno campesino
_c/por Julio César Velásquez Hernández
260 _aChapingo, Méx. :
_bEl autor,
_c2007
502 _aTesis (Dr. en Ciencias Agrarias) -- UACH. Departamento de Sociología Rural
590 _aALEPH
_b10
_c20130110
_lUCH01
_h1519
590 _aBATCH-UPD
_b10
_c20130110
_lUCH01
_h0518
590 _aBATCH-UPD
_b10
_c20130410
_lUCH01
_h0157
590 _aBATCH-UPD
_b10
_c20130914
_lUCH01
_h1157
590 _aCONVERSION
_b10
_c20130109
_lUCH01
_h1352
650 1 4 _aAgricultura
_xSociedades.
_91797
650 1 4 _aDesarrollo rural.
_932067
650 1 4 _aSociología rural.
_9108215
901 _aBK
905 _aMayto Villalobos Santana
942 _cFOLL
949 _aTesis
_bBC
_cTES
_d33724002022470
_eTS1
_h47104
_i105632
_sb
949 _aTesis
_bBC
_cTES
_d33724002022512
_eTS2
_fc.2
_h47105
_i105632
_sb
999 _c94057
_d94057